[Event "TCh-RUS Premier 2023"]
[Site "Sochi RUS"]
[Date "2023.05.10"]
[Round "9.3"]
[Board "6"]
[White "Rudakov, Sergey S."]
[Black "Belozerov, Andrei"]
[Result "0-1"]
[BlackTitle "GM"]
[WhiteElo "1992"]
[BlackElo "2461"]
[WhiteTeam "Inleksis (Voronezhskaya oblast)"]
[BlackTeam "Sbornaya Novosibirskoy oblasti (Novosibir"]
[WhiteFideId "44111533"]
[BlackFideId "4120213"]
[EventDate "2023.05.01"]
[EventType "team"]

1. e4 c5 2. Nf3 d6 3. d4 cxd4 4. Nxd4 Nf6 5. f3 e5 6. Nb3 d5 7. Bg5 d4 8. c3 Nc6
9. Bb5 h6 10. Bxf6 Qxf6 11. cxd4 Bb4+ 12. Nc3 O-O 13. d5 Nd4 14. Bd3 Qb6 15. Rb1
Bd7 16. a3 Bd6 17. Nd2 Bc7 18. Nc4 Qc5 19. d6 Bxd6 20. b4 Qc6 21. Nd5 Be6 22.
Nce3 b5 23. O-O a5 24. Qd2 axb4 25. axb4 Ra3 26. Rfc1 Qb7 27. Bf1 Rfa8 28. Rc3
Ra2 29. Rb2 Ra1 30. h3 Qa7 31. Kf2 Bxd5 32. exd5 Qe7 33. Ng4 h5 34. Ne3 g6 35.
g3 Kh7 36. Nc2 R1a2 37. Nxd4 Rxb2 38. Qxb2 exd4 39. Rd3 Bxb4 40. Kg2 Bc3 41. Qb3
b4 42. Rd1 Kg7 43. Bd3 Ra3 44. Qc4 b3 45. Bb1 Ra4 46. Qd3 Qe5 47. Qe4 Ra2+ 0-1

[Event "TCh-RUS Premier 2023"]
[Site "Sochi RUS"]
[Date "2023.05.10"]
[Round "9.4"]
[Board "1"]
[White "Sjugirov, Sanan"]
[Black "Zubritskiy, Artyom"]
[Result "1/2-1/2"]
[WhiteTitle "GM"]
[BlackTitle "IM"]
[WhiteElo "2712"]
[BlackElo "2438"]
[WhiteTeam "Moskovskaya oblast (Moskovskaya oblast)"]
[BlackTeam "SShOR po shakhmatam i shashkam (Sankt-Peterbu"]
[WhiteFideId "4189302"]
[BlackFideId "4181247"]
[EventDate "2023.05.01"]
[EventType "team"]

1. e4 c5 2. Nc3 d6 3. d4 cxd4 4. Qxd4 Nc6 5. Qd2 g6 6. b3 Bh6 7. f4 Nf6 8. Bb2
O-O 9. O-O-O e5 10. g3 Be6 11. Kb1 a5 12. a4 Rc8 13. Bh3 Nb4 14. Qg2 Ng4 15. Qe2
Qd7 16. fxe5 1/2-1/2

[Event "TCh-RUS Premier 2023"]
[Site "Sochi RUS"]
[Date "2023.05.10"]
[Round "9.4"]
[Board "2"]
[White "Vlasenko, Miroslav"]
[Black "Khismatullin, Denis"]
[Result "1/2-1/2"]
[WhiteTitle "IM"]
[BlackTitle "GM"]
[WhiteElo "2358"]
[BlackElo "2594"]
[WhiteTeam "SShOR po shakhmatam i shashkam (Sankt-Peterbu"]
[BlackTeam "Moskovskaya oblast (Moskovskaya oblast)"]
[WhiteFideId "4151887"]
[BlackFideId "4142578"]
[EventDate "2023.05.01"]
[EventType "team"]

1. d4 Nf6 2. Bf4 d5 3. e3 e6 4. Nf3 Bd6 5. Nbd2 O-O 6. Bd3 b6 7. O-O Bxf4 8.
exf4 c5 9. Re1 Ba6 10. Bxa6 Nxa6 11. Ne5 Rc8 12. Ndf3 g6 13. Qe2 Nb4 14. c3 Nc6
15. Qa6 cxd4 16. Nxc6 Rxc6 17. Nxd4 Rc7 18. a4 Qc8 19. Qd3 Qd7 20. Nf3 Ne4 21.
Qd4 Qe7 22. Qe3 Rb8 23. Nd4 Qf6 24. Nb5 Rd7 25. Rad1 a6 26. Nd4 Rc7 27. Ra1 Kg7
28. g3 Nd6 29. Qd3 Rc4 30. Re5 Nf5 31. b3 Rc7 32. Qxa6 Nxd4 33. cxd4 Rc2 34.
Rae1 Qd8 35. h4 b5 36. h5 bxa4 37. Qxa4 Rc3 38. Qa7 Rcxb3 39. h6+ Kg8 40. Rxe6
Qf8 41. Re7 Qxh6 42. Qd7 Rb1 43. Qxd5 Rxe1+ 44. Rxe1 Qf8 45. Qc6 Rc8 46. Qe4 Qb4
47. Kg2 Rd8 48. Rd1 Qc4 49. Qd3 Qd5+ 50. Qf3 f5 51. Qxd5+ Rxd5 52. Kf3 Kf7 53.
Ke3 Ke6 54. Rh1 Rd7 55. Ra1 Rb7 56. Ra6+ Kd5 57. Ra5+ Kd6 58. Kd3 Rb2 59. f3 Rg2
60. g4 fxg4 61. fxg4 Rxg4 62. Ke4 Rg1 63. Ra6+ Ke7 64. Ra7+ Ke6 65. Ra6+ Ke7 66.
Ke5 Re1+ 67. Kd5 Kf7 68. Ra7+ Re7 69. Ra3 Rd7+ 70. Kc5 Ke6 71. Ra6+ Kf5 72. d5
h5 73. Ra8 Kxf4 74. Kc6 Rf7 75. Ra1 Kg3 76. Rg1+ Kh2 77. Rxg6 h4 78. d6 h3 79.
d7 Rxd7 80. Kxd7 Kh1 81. Rh6 1/2-1/2

[Event "TCh-RUS Premier 2023"]
[Site "Sochi RUS"]
[Date "2023.05.10"]
[Round "9.4"]
[Board "3"]
[White "Savchenko, Boris"]
[Black "Pershin, Denis"]
[Result "1/2-1/2"]
[WhiteTitle "GM"]
[BlackTitle "IM"]
[WhiteElo "2540"]
[BlackElo "2366"]
[WhiteTeam "Moskovskaya oblast (Moskovskaya oblast)"]
[BlackTeam "SShOR po shakhmatam i shashkam (Sankt-Peterbu"]
[WhiteFideId "4147332"]
[BlackFideId "24165506"]
[EventDate "2023.05.01"]
[EventType "team"]

1. d4 d5 2. c4 e6 3. Nc3 c5 4. cxd5 exd5 5. Nf3 Nc6 6. g3 cxd4 7. Nxd4 Bc5 8.
Nb3 Bb6 9. Nxd5 Nf6 10. Bg2 Be6 11. e4 Bg4 12. Qd3 Nxd5 13. exd5 O-O 14. O-O Re8
15. Be3 Ne5 16. Bxb6 axb6 17. Qd4 Nf3+ 18. Bxf3 Bxf3 19. d6 Re6 20. Qc3 Bd5 21.
Nd4 Rxd6 22. Nf5 Rf6 23. Qe5 Bf3 24. Rfe1 h6 25. Nd4 Bg4 26. Re4 Qd7 27. a3 Rd8
28. Qb5 Qxb5 29. Nxb5 Bf3 30. Rd4 Re8 31. Rb4 Re2 32. Nd4 Rd2 33. Nxf3 Rxf3 34.
Rf1 Rf6 35. f4 Rc6 36. Rf2 Rxf2 37. Kxf2 f5 38. Rb5 g6 39. Ke3 Kf7 40. Kd4 Ke6
41. a4 Rd6+ 42. Kc4 Rc6+ 43. Kb4 Kd6 44. h4 h5 45. Re5 Rc2 46. b3 Kd7 47. Rd5+
Kc7 48. Rd3 Re2 49. Kb5 Re6 50. b4 Rc6 51. Rd2 Kc8 52. Re2 Kd7 53. Re3 Kd8 1/2-1/2

[Event "TCh-RUS Premier 2023"]
[Site "Sochi RUS"]
[Date "2023.05.10"]
[Round "9.4"]
[Board "4"]
[White "Saveliev, Alexei"]
[Black "Iljiushenok, Ilia"]
[Result "0-1"]
[WhiteTitle "IM"]
[BlackTitle "GM"]
[WhiteElo "2385"]
[BlackElo "2544"]
[WhiteTeam "SShOR po shakhmatam i shashkam (Sankt-Peterbu"]
[BlackTeam "Moskovskaya oblast (Moskovskaya oblast)"]
[WhiteFideId "24128546"]
[BlackFideId "24105074"]
[EventDate "2023.05.01"]
[EventType "team"]

1. e4 c6 2. d4 d5 3. exd5 cxd5 4. Bd3 Nc6 5. c3 Nf6 6. Bf4 Bg4 7. Qb3 Na5 8.
Qa4+ Bd7 9. Qc2 Nh5 10. Bc1 Qc7 11. Ne2 Nc6 12. Be3 Rc8 13. Na3 a6 14. Rd1 e6
15. O-O Bd6 16. h3 f5 17. Rfe1 O-O 18. Bc1 Qd8 19. Nb1 Nb4 20. Qb3 Nxd3 21. Rxd3
f4 22. Nd2 Bb5 23. Rf3 g5 24. a4 Bc6 25. Qd1 Qe8 26. b3 Qg6 27. Bb2 Ng7 28. Qb1
Be8 29. g4 Qxb1 30. Nxb1 Bg6 31. h4 h5 32. gxh5 Be4 33. Rh3 g4 34. Rh2 g3 35.
Rh3 Bf5 36. Rh1 f3 37. Nxg3 Bxg3 38. fxg3 f2+ 39. Kxf2 Bxb1+ 40. Ke3 Be4 41.
Rhf1 Nf5+ 42. Kf4 Nxh4+ 43. Kg4 Nf3 0-1

[Event "TCh-RUS Premier 2023"]
[Site "Sochi RUS"]
[Date "2023.05.10"]
[Round "9.4"]
[Board "5"]
[White "Smirnov, Pavel"]
[Black "Timerkhanov, Alexander"]
[Result "1/2-1/2"]
[WhiteTitle "GM"]
[BlackTitle "FM"]
[WhiteElo "2545"]
[BlackElo "2352"]
[WhiteTeam "Moskovskaya oblast (Moskovskaya oblast)"]
[BlackTeam "SShOR po shakhmatam i shashkam (Sankt-Peterbu"]
[WhiteFideId "4123425"]
[BlackFideId "24177938"]
[EventDate "2023.05.01"]
[EventType "team"]

1. d4 d5 2. c4 e6 3. Nf3 Nf6 4. g3 Bd6 5. Bg2 O-O 6. O-O h6 7. Nc3 Nc6 8. c5 Be7
9. a3 Ne4 10. Qc2 f5 11. b4 Bf6 12. Rd1 a6 13. Bb2 Bd7 14. Nxe4 fxe4 15. Ne5 Qe8
16. Nxd7 Qxd7 17. f3 exf3 18. exf3 g5 19. Rd2 Qg7 20. Rad1 Rae8 21. Qd3 Kh8 22.
Re2 e5 23. Rde1 e4 24. fxe4 Nxd4 1/2-1/2

[Event "TCh-RUS Premier 2023"]
[Site "Sochi RUS"]
[Date "2023.05.10"]
[Round "9.4"]
[Board "6"]
[White "Shchukin, Maksim"]
[Black "Sychev, Klementy"]
[Result "1/2-1/2"]
[WhiteTitle "FM"]
[BlackTitle "GM"]
[WhiteElo "2371"]
[BlackElo "2547"]
[WhiteTeam "SShOR po shakhmatam i shashkam (Sankt-Peterbu"]
[BlackTeam "Moskovskaya oblast (Moskovskaya oblast)"]
[WhiteFideId "34126624"]
[BlackFideId "4114060"]
[EventDate "2023.05.01"]
[EventType "team"]

1. e4 c5 2. Nf3 d6 3. d4 cxd4 4. Nxd4 Nf6 5. Nc3 a6 6. Be3 e5 7. Nb3 Be6 8. f3
h5 9. Nd5 Bxd5 10. exd5 Nbd7 11. Be2 g6 12. Qd2 Bg7 13. O-O O-O 14. c4 Re8 15.
Na5 Qc7 16. Rac1 e4 17. f4 Ng4 18. Bxg4 hxg4 19. b4 b6 20. Nc6 f5 21. a4 a5 22.
bxa5 bxa5 23. Qf2 Ra6 24. Rb1 Nc5 25. Bxc5 dxc5 26. Qxc5 e3 27. Rb8 Rxb8 28.
Ne7+ Qxe7 29. Qxe7 Bd4 30. Re1 e2+ 31. Kh1 Bf2 32. d6 Bxe1 33. Qe6+ 1/2-1/2

[Event "TCh-RUS Premier 2023"]
[Site "Sochi RUS"]
[Date "2023.05.10"]
[Round "9.5"]
[Board "1"]
[White "Najer, Evgeniy"]
[Black "Grischuk, Alexander"]
[Result "1/2-1/2"]
[WhiteTitle "GM"]
[BlackTitle "GM"]
[WhiteElo "2655"]
[BlackElo "2745"]
[WhiteTeam "Shakhmatnaya sbornaya Moskvy (Moskva)"]
[BlackTeam "SK KPRF (Moskva)"]
[WhiteFideId "4118987"]
[BlackFideId "4126025"]
[EventDate "2023.05.01"]
[EventType "team"]

1. e4 e5 2. Nf3 Nc6 3. Bc4 Bc5 4. c3 Nf6 5. d3 h6 6. b4 Be7 7. Qb3 O-O 8. a4 d6
9. O-O Nh7 10. Be3 Ng5 11. Nbd2 Nxf3+ 12. Nxf3 Bg4 13. Nd2 Bg5 14. Rae1 Qe7 15.
a5 Rae8 16. a6 b6 17. Bb5 Bd7 18. Qa4 Nb8 19. Bxd7 Qxd7 20. b5 c6 21. bxc6 Qxc6
22. Qxc6 Nxc6 23. Nc4 Rd8 24. Bxg5 hxg5 25. Ne3 Rd7 26. Rb1 Rc8 27. Rfc1 f6 28.
Kf1 Kf7 29. Ke2 Ne7 30. Rb5 1/2-1/2

[Event "TCh-RUS Premier 2023"]
[Site "Sochi RUS"]
[Date "2023.05.10"]
[Round "9.5"]
[Board "2"]
[White "Dubov, Daniil"]
[Black "Inarkiev, Ernesto"]
[Result "1-0"]
[WhiteTitle "GM"]
[BlackTitle "GM"]
[WhiteElo "2708"]
[BlackElo "2661"]
[WhiteTeam "SK KPRF (Moskva)"]
[BlackTeam "Shakhmatnaya sbornaya Moskvy (Moskva)"]
[WhiteFideId "24126055"]
[BlackFideId "4162722"]
[EventDate "2023.05.01"]
[EventType "team"]

1. d4 Nf6 2. c4 e6 3. Nf3 b6 4. g3 Bb7 5. Bg2 Be7 6. Nc3 O-O 7. d5 Bb4 8. Bd2
Bxc3 9. Bxc3 exd5 10. Nh4 Ne4 11. Rc1 Re8 12. cxd5 Qg5 13. Bxe4 Rxe4 14. f3 Re8
15. e4 Qxd5 16. Kf2 Qe6 17. Nf5 f6 18. g4 Nc6 19. g5 Ne7 20. Nxe7+ Rxe7 21. gxf6
gxf6 22. Qd2 Kf7 23. Qh6 Ke8 24. Rhg1 f5 25. Qh5+ Kf8 26. Bd2 Rf7 27. Bh6+ Ke7
28. Qh4+ Rf6 29. Bg7 Rf8 30. Bxf6+ Qxf6 31. Qxf6+ Kxf6 32. Rxc7 Bc6 33. Rxa7
fxe4 34. fxe4 Bxe4 35. Ke3 Re8 36. Kd2 d5 37. Rb7 Ke5 38. Rg5+ Kd4 39. Rxb6 Kc5
40. Rf6 Kd4 41. Ra6 Kc5 42. Ra5+ Kc6 43. b4 Rf8 44. a4 d4 45. Ra6+ Kb7 46. Rd6
d3 47. Rg7+ Kc8 48. Ke3 1-0

[Event "TCh-RUS Premier 2023"]
[Site "Sochi RUS"]
[Date "2023.05.10"]
[Round "9.5"]
[Board "3"]
[White "Riazantsev, Alexander"]
[Black "Malakhov, Vladimir"]
[Result "1-0"]
[WhiteTitle "GM"]
[BlackTitle "GM"]
[WhiteElo "2626"]
[BlackElo "2650"]
[WhiteTeam "Shakhmatnaya sbornaya Moskvy (Moskva)"]
[BlackTeam "SK KPRF (Moskva)"]
[WhiteFideId "4125029"]
[BlackFideId "4120787"]
[EventDate "2023.05.01"]
[EventType "team"]

1. d4 d5 2. c4 e6 3. Nf3 a6 4. cxd5 exd5 5. Nc3 Nf6 6. Bg5 Be6 7. e3 Nbd7 8. Bd3
Bd6 9. O-O c6 10. Bh4 h6 11. Kh1 O-O 12. Nd2 Be7 13. f4 Nb6 14. Bxf6 Bxf6 15.
Qh5 c5 16. Nf3 cxd4 17. exd4 Nc4 18. Rae1 Nxb2 19. Bb1 Qc8 20. Nxd5 Qd8 21.
Nxf6+ Qxf6 22. d5 Bd7 23. Ne5 Bb5 24. Ng4 Qd4 25. Re4 Qd2 26. Re3 Qxe3 27. Nxe3
Rfe8 28. Re1 Rac8 29. h3 Rc3 30. Qf5 Bd3 31. Qd7 Re4 32. Qxb7 1-0

[Event "TCh-RUS Premier 2023"]
[Site "Sochi RUS"]
[Date "2023.05.10"]
[Round "9.5"]
[Board "4"]
[White "Zvjaginsev, Vadim"]
[Black "Grachev, Boris"]
[Result "1/2-1/2"]
[WhiteTitle "GM"]
[BlackTitle "GM"]
[WhiteElo "2598"]
[BlackElo "2595"]
[WhiteTeam "SK KPRF (Moskva)"]
[BlackTeam "Shakhmatnaya sbornaya Moskvy (Moskva)"]
[WhiteFideId "4113403"]
[BlackFideId "4129199"]
[EventDate "2023.05.01"]
[EventType "team"]

1. e4 c5 2. Nf3 e6 3. b3 a6 4. Bb2 d5 5. exd5 exd5 6. Qe2+ Be6 7. g3 Nc6 8. Bg2
d4 9. O-O Be7 10. Ne5 Nxe5 11. Qxe5 Rb8 12. c3 b6 13. Qe4 Nf6 14. Qc6+ Bd7 15.
Qf3 Bg4 16. Qc6+ Bd7 17. Qf3 Bg4 18. Qc6+ 1/2-1/2

[Event "TCh-RUS Premier 2023"]
[Site "Sochi RUS"]
[Date "2023.05.10"]
[Round "9.5"]
[Board "5"]
[White "Ponkratov, Pavel"]
[Black "Potkin, Vladimir"]
[Result "1-0"]
[WhiteTitle "GM"]
[BlackTitle "GM"]
[WhiteElo "2580"]
[BlackElo "2574"]
[WhiteTeam "Shakhmatnaya sbornaya Moskvy (Moskva)"]
[BlackTeam "SK KPRF (Moskva)"]
[WhiteFideId "4157800"]
[BlackFideId "4131061"]
[EventDate "2023.05.01"]
[EventType "team"]

1. Nf3 Nf6 2. d4 d5 3. c4 e6 4. g3 Be7 5. Bg2 O-O 6. O-O dxc4 7. Qc2 b5 8. a4
Bb7 9. axb5 a6 10. Nc3 axb5 11. Rxa8 Bxa8 12. Nxb5 Bd5 13. Rd1 Nc6 14. Bf4 Nb4
15. Qc1 c5 16. Nc7 Qc8 17. Nxd5 exd5 18. Be5 Re8 19. dxc5 Qxc5 20. Bd4 Qb5 21.
Nh4 Qd7 22. Qb1 g6 23. Bf3 Qc6 24. Ng2 Bc5 25. Ne3 Bxd4 26. Rxd4 Qc5 27. Rf4 Re6
28. Qd1 Kg7 29. h4 h5 30. Qd2 Kg8 31. Kf1 Rb6 32. g4 hxg4 33. Nxg4 Nxg4 34. Rxg4
Kf8 35. Qh6+ Ke7 36. h5 gxh5 37. Qxh5 Qd6 38. Rg8 Qf6 39. Qh2 Rd6 40. Rb8 Nc6
41. Rb7+ Kf8 42. Rb5 d4 43. Rf5 Qh6 44. Qxh6+ Rxh6 45. Rc5 d3 46. Rxc6 d2 47.
Rc8+ Ke7 48. e3 Rh1+ 49. Kg2 Rc1 50. Rc5 Rc2 51. Rb5 Kd6 52. Rd5+ Kc7 53. Rd4
Kb6 54. Bd5 f5 55. Kf3 f4 56. Kxf4 Kc5 57. Ke4 1-0

[Event "TCh-RUS Premier 2023"]
[Site "Sochi RUS"]
[Date "2023.05.10"]
[Round "9.5"]
[Board "6"]
[White "Alekseev, Evgeny"]
[Black "Demidov, Mikhail"]
[Result "1/2-1/2"]
[WhiteTitle "GM"]
[BlackTitle "GM"]
[WhiteElo "2564"]
[BlackElo "2583"]
[WhiteTeam "SK KPRF (Moskva)"]
[BlackTeam "Shakhmatnaya sbornaya Moskvy (Moskva)"]
[WhiteFideId "4138147"]
[BlackFideId "4197143"]
[EventDate "2023.05.01"]
[EventType "team"]

1. e4 e6 2. d4 d5 3. Nc3 Bb4 4. e5 b6 5. a3 Bxc3+ 6. bxc3 Ne7 7. Nh3 Ba6 8. Bxa6
Nxa6 9. Nf4 g6 10. h4 Qd7 11. Qd3 Qa4 12. h5 g5 13. Ne2 h6 14. O-O c5 15. Be3
Rc8 16. Rac1 cxd4 17. cxd4 Qc4 18. Qd2 Nc7 19. Rb1 Kd7 20. Rb3 Ne8 21. Rc3 1/2-1/2